[Event "High League 2022 men"]
[Site "Obninsk"]
[Date "2022.06.29"]
[Round "4.14"]
[White "Grigorjev, Iljya"]
[Black "Shuvalova, Polina"]
[Result "0-1"]
[LiveChessVersion "1.4.7"]
[BlackElo "2498"]
[WhiteElo "2350"]

1. e4 {[%clk 1:30:50]} e5 {[%clk 1:30:55]} 2. Nf3 {[%clk 1:31:10]} Nc6
{[%clk 1:31:22]} 3. Bb5 {[%clk 1:31:24]} a6 {[%clk 1:31:48]} 4. Ba4
{[%clk 1:31:46]} Nf6 {[%clk 1:32:13]} 5. O-O {[%clk 1:32:06]} Be7
{[%clk 1:32:40]} 6. d3 {[%clk 1:32:16]} b5 {[%clk 1:33:03]} 7. Bb3
{[%clk 1:32:40]} d6 {[%clk 1:33:28]} 8. c3 {[%clk 1:32:49]} O-O {[%clk 1:33:48]}
9. Re1 {[%clk 1:32:47]} h6 {[%clk 1:32:50]} 10. Nbd2 {[%clk 1:33:03]} Re8
{[%clk 1:32:13]} 11. Nf1 {[%clk 1:33:06]} Bf8 {[%clk 1:32:32]} 12. Ng3
{[%clk 1:28:25]} Na5 {[%clk 1:29:31]} 13. Bc2 {[%clk 1:28:46]} c5
{[%clk 1:29:54]} 14. h3 {[%clk 1:28:42]} Nc6 {[%clk 1:26:55]} 15. d4
{[%clk 1:26:27]} cxd4 {[%clk 1:20:02]} 16. cxd4 {[%clk 1:26:34]} exd4
{[%clk 1:19:45]} 17. Nxd4 {[%clk 1:26:57]} Nxd4 {[%clk 1:20:07]} 18. Qxd4
{[%clk 1:27:20]} Be6 {[%clk 1:20:27]} 19. Bf4 {[%clk 1:21:25]} Rc8
{[%clk 1:18:41]} 20. Bb3 {[%clk 1:21:22]} d5 {[%clk 1:13:33]} 21. e5
{[%clk 1:13:29]} Nd7 {[%clk 1:13:26]} 22. Rad1 {[%clk 1:10:23]} Bc5
{[%clk 1:10:08]} 23. Qd2 {[%clk 1:07:41]} Qh4 {[%clk 1:07:00]} 24. Re2
{[%clk 0:56:11]} Red8 {[%clk 0:54:57]} 25. Bc2 {[%clk 0:49:44]} g5
{[%clk 0:43:43]} 26. Be3 {[%clk 0:36:24]} d4 {[%clk 0:43:34]} 27. Qd3
{[%clk 0:36:16]} dxe3 {[%clk 0:40:12]} 28. Qh7+ {[%clk 0:36:06]} Kf8
{[%clk 0:40:36]} 29. Nf5 {[%clk 0:35:56]} Bxf5 {[%clk 0:40:04]} 30. Qxf5
{[%clk 0:30:44]} exf2+ {[%clk 0:36:36]} 31. Kf1 {[%clk 0:31:10]} Qf4
{[%clk 0:31:49]} 32. Qh7 {[%clk 0:26:05]} Qh2 {[%clk 0:31:35]} 33. Rxf2
{[%clk 0:26:26]} Bxf2 {[%clk 0:31:49]} 34. e6 {[%clk 0:23:28]} Qf4
{[%clk 0:30:54]} 0-1

[Event "High League 2022 men"]
[Site "Obninsk"]
[Date "2022.06.29"]
[Round "4.15"]
[White "Salemgareev, Tagir"]
[Black "Tsvetkov, Andrey"]
[Result "1-0"]
[LiveChessVersion "1.4.7"]
[BlackElo "2398"]
[WhiteElo "2490"]

1. e4 {[%clk 1:30:57]} c5 {[%clk 1:30:51]} 2. Nf3 {[%clk 1:31:21]} e6
{[%clk 1:31:09]} 3. d4 {[%clk 1:31:45]} cxd4 {[%clk 1:31:36]} 4. Nxd4
{[%clk 1:32:10]} Nf6 {[%clk 1:31:58]} 5. Nc3 {[%clk 1:32:31]} Nc6
{[%clk 1:32:24]} 6. Nxc6 {[%clk 1:32:37]} bxc6 {[%clk 1:32:49]} 7. e5
{[%clk 1:33:03]} Nd5 {[%clk 1:33:14]} 8. Ne4 {[%clk 1:33:30]} Qc7
{[%clk 1:33:18]} 9. f4 {[%clk 1:33:51]} Qb6 {[%clk 1:33:36]} 10. c4
{[%clk 1:31:25]} Bb4+ {[%clk 1:34:01]} 11. Ke2 {[%clk 1:31:52]} f5
{[%clk 1:34:26]} 12. Nf2 {[%clk 1:31:38]} Ba6 {[%clk 1:31:39]} 13. Kf3
{[%clk 1:32:01]} Ne7 {[%clk 1:31:14]} 14. Be3 {[%clk 1:30:07]} Bc5
{[%clk 1:31:24]} 15. Bxc5 {[%clk 1:30:32]} Qxc5 {[%clk 1:31:52]} 16. Qd6
{[%clk 1:30:27]} Qa5 {[%clk 1:31:59]} 17. h4 {[%clk 1:28:05]} c5 {[%clk 1:26:00]}
18. Kg3 {[%clk 1:20:32]} Rd8 {[%clk 1:03:04]} 19. Rh3 {[%clk 1:09:40]} Nc8
{[%clk 0:56:51]} 20. Qd1 {[%clk 1:10:03]} O-O {[%clk 0:36:29]} 21. Kh2
{[%clk 1:10:20]} d5 {[%clk 0:34:07]} 22. Ra3 {[%clk 0:52:25]} Qb6
{[%clk 0:34:02]} 23. Rxa6 {[%clk 0:52:48]} Qxa6 {[%clk 0:34:26]} 24. cxd5
{[%clk 0:53:15]} Qb7 {[%clk 0:17:01]} 25. d6 {[%clk 0:53:38]} Qxb2
{[%clk 0:16:52]} 26. Kg1 {[%clk 0:53:45]} Nb6 {[%clk 0:15:08]} 27. Rb1
{[%clk 0:50:25]} Qxa2 {[%clk 0:13:49]} 28. Ra1 {[%clk 0:49:50]} Qd5
{[%clk 0:14:01]} 29. Qxd5 {[%clk 0:49:53]} Nxd5 {[%clk 0:13:25]} 30. Bc4
{[%clk 0:49:04]} Nxf4 {[%clk 0:10:32]} 31. g3 {[%clk 0:47:08]} Ng6
{[%clk 0:10:19]} 32. Nd3 {[%clk 0:47:26]} Nxe5 {[%clk 0:07:44]} 33. Nxe5
{[%clk 0:47:50]} Rxd6 {[%clk 0:08:11]} 34. Rxa7 {[%clk 0:48:15]} Re8
{[%clk 0:05:39]} 35. h5 {[%clk 0:46:45]} h6 {[%clk 0:03:51]} 36. Kg2
{[%clk 0:44:58]} Rd4 {[%clk 0:03:17]} 37. Rc7 {[%clk 0:45:22]} Re4
{[%clk 0:02:11]} 38. Rxc5 {[%clk 0:45:42]} Kh7 {[%clk 0:02:12]} 39. Ng6
{[%clk 0:44:37]} Rd8 {[%clk 0:00:45]} 40. Rc6 {[%clk 1:14:29]} Red4
{[%clk 0:30:33]} 41. Bxe6 {[%clk 1:14:20]} R4d6 {[%clk 0:28:49]} 42. Rxd6
{[%clk 1:14:38]} Rxd6 {[%clk 0:29:18]} 43. Bxf5 {[%clk 1:15:01]} Kg8
{[%clk 0:29:34]} 44. Kf3 {[%clk 1:14:46]} Rf6 {[%clk 0:29:13]} 45. Ke4
{[%clk 1:14:56]} Kf7 {[%clk 0:28:44]} 46. Ke5 {[%clk 1:15:04]} Ra6
{[%clk 0:28:03]} 47. Nf4 {[%clk 1:15:27]} Ra5+ {[%clk 0:27:31]} 48. Nd5
{[%clk 1:15:51]} Ra6 {[%clk 0:27:29]} 49. Bg6+ {[%clk 1:15:25]} Kg8
{[%clk 0:25:53]} 50. Be4 {[%clk 1:15:39]} Kf7 {[%clk 0:25:17]} 51. Nf4
{[%clk 1:15:09]} Ra3 {[%clk 0:24:26]} 52. Bd5+ {[%clk 1:15:26]} Ke7
{[%clk 0:24:21]} 53. g4 {[%clk 1:15:36]} Ra6 {[%clk 0:24:14]} 54. Ne6
{[%clk 1:15:41]} Ra4 {[%clk 0:23:38]} 55. g5 {[%clk 1:13:18]} hxg5
{[%clk 0:08:28]} 56. Nxg7 {[%clk 1:13:42]} Ra6 {[%clk 0:02:35]} 57. h6
{[%clk 1:13:28]} Ra3 {[%clk 0:02:08]} 58. Nf5+ {[%clk 1:13:31]} Kf8
{[%clk 0:02:35]} 59. Kf6 {[%clk 1:13:37]} 1-0

[Event "High League 2022 men"]
[Site "Obninsk"]
[Date "2022.06.29"]
[Round "4.16"]
[White "Ponkratov, Pavel"]
[Black "Shchukin, Maksim"]
[Result "1-0"]
[LiveChessVersion "1.4.7"]
[BlackElo "2361"]
[WhiteElo "2631"]

1. e4 {[%clk 1:30:54]} c5 {[%clk 1:30:54]} 2. Nf3 {[%clk 1:31:20]} e6
{[%clk 1:31:20]} 3. d4 {[%clk 1:31:47]} cxd4 {[%clk 1:31:47]} 4. Nxd4
{[%clk 1:32:14]} Nf6 {[%clk 1:32:10]} 5. Nc3 {[%clk 1:32:40]} Nc6
{[%clk 1:32:36]} 6. Ndb5 {[%clk 1:33:00]} Bc5 {[%clk 1:32:25]} 7. Bf4
{[%clk 1:33:05]} O-O {[%clk 1:32:47]} 8. Bc7 {[%clk 1:33:29]} Qe7
{[%clk 1:32:55]} 9. Bd6 {[%clk 1:33:54]} Bxd6 {[%clk 1:33:19]} 10. Qxd6
{[%clk 1:34:20]} Qd8 {[%clk 1:33:16]} 11. O-O-O {[%clk 1:32:30]} a6
{[%clk 1:32:29]} 12. Nd4 {[%clk 1:32:52]} Ne7 {[%clk 1:31:08]} 13. g4
{[%clk 1:27:59]} b5 {[%clk 1:07:58]} 14. g5 {[%clk 1:22:59]} Ne8 {[%clk 1:08:18]}
15. Qg3 {[%clk 1:23:24]} Qc7 {[%clk 1:03:24]} 16. a3 {[%clk 1:23:13]} Bb7
{[%clk 0:51:29]} 17. Ndxb5 {[%clk 1:14:35]} axb5 {[%clk 0:49:44]} 18. Qxc7
{[%clk 1:15:00]} Nxc7 {[%clk 0:50:11]} 19. Rxd7 {[%clk 1:15:25]} Rac8
{[%clk 0:49:27]} 20. Rxe7 {[%clk 1:15:42]} Rfd8 {[%clk 0:48:07]} 21. f3
{[%clk 1:12:27]} Kf8 {[%clk 0:43:12]} 22. Rxc7 {[%clk 1:12:50]} Rxc7
{[%clk 0:43:38]} 23. Bxb5 {[%clk 1:13:05]} Rc5 {[%clk 0:43:28]} 24. h4
{[%clk 1:13:27]} h6 {[%clk 0:43:21]} 25. gxh6 {[%clk 1:13:36]} gxh6
{[%clk 0:43:49]} 26. Bd3 {[%clk 1:12:38]} Ke7 {[%clk 0:42:40]} 27. a4
{[%clk 1:12:38]} f5 {[%clk 0:39:26]} 28. Rg1 {[%clk 1:12:36]} Kf6
{[%clk 0:39:11]} 29. Kd2 {[%clk 1:05:33]} Ba6 {[%clk 0:37:28]} 30. h5
{[%clk 0:59:09]} Bxd3 {[%clk 0:34:51]} 31. cxd3 {[%clk 0:58:14]} Rb8
{[%clk 0:33:08]} 32. d4 {[%clk 0:55:07]} Rc4 {[%clk 0:28:58]} 33. Kd3
{[%clk 0:55:24]} Rcb4 {[%clk 0:28:37]} 34. e5+ {[%clk 0:55:49]} Kf7
{[%clk 0:28:58]} 35. Rg6 {[%clk 0:56:01]} Rxb2 {[%clk 0:16:00]} 36. d5
{[%clk 0:55:43]} exd5 {[%clk 0:15:26]} 37. Nxd5 {[%clk 0:56:07]} Re8
{[%clk 0:13:43]} 38. Rf6+ {[%clk 0:56:09]} Kg7 {[%clk 0:13:38]} 39. e6
{[%clk 0:56:31]} Rd8 {[%clk 0:07:16]} 40. Rf7+ {[%clk 1:26:20]} Kg8
{[%clk 0:37:00]} 41. Rd7 {[%clk 1:26:31]} Rf8 {[%clk 0:36:44]} 42. Ne7+
{[%clk 1:26:55]} Kg7 {[%clk 0:37:06]} 43. Ng6+ {[%clk 1:27:21]} 1-0

[Event "High League 2022 men"]
[Site "Obninsk"]
[Date "2022.06.29"]
[Round "4.17"]
[White "Sutormin, Danila"]
[Black "Paravyan, David"]
[Result "0-1"]
[LiveChessVersion "1.4.7"]
[BlackElo "2620"]
[WhiteElo "2382"]

1. e4 {[%clk 1:30:58]} e5 {[%clk 1:30:55]} 2. Nf3 {[%clk 1:31:14]} Nc6
{[%clk 1:31:19]} 3. Bb5 {[%clk 1:31:37]} a6 {[%clk 1:31:41]} 4. Ba4
{[%clk 1:31:56]} Nf6 {[%clk 1:32:02]} 5. O-O {[%clk 1:32:12]} Be7
{[%clk 1:32:01]} 6. Re1 {[%clk 1:32:33]} b5 {[%clk 1:32:27]} 7. Bb3
{[%clk 1:33:00]} O-O {[%clk 1:32:50]} 8. a4 {[%clk 1:33:05]} b4 {[%clk 1:32:18]}
9. d4 {[%clk 1:29:38]} d6 {[%clk 1:32:40]} 10. dxe5 {[%clk 1:30:00]} dxe5
{[%clk 1:33:00]} 11. Qxd8 {[%clk 1:18:38]} Rxd8 {[%clk 1:33:22]} 12. Nbd2
{[%clk 1:18:14]} h6 {[%clk 1:32:39]} 13. h3 {[%clk 1:14:45]} Bd6 {[%clk 1:31:35]}
14. a5 {[%clk 1:12:28]} Kf8 {[%clk 1:07:31]} 15. Bc4 {[%clk 1:05:18]} Bb7
{[%clk 0:54:45]} 16. b3 {[%clk 1:00:27]} Na7 {[%clk 0:47:06]} 17. Bb2
{[%clk 0:51:33]} Nb5 {[%clk 0:46:07]} 18. Bd3 {[%clk 0:46:35]} Nd7
{[%clk 0:43:11]} 19. Nc4 {[%clk 0:45:49]} f6 {[%clk 0:43:34]} 20. Nxd6
{[%clk 0:43:42]} Nxd6 {[%clk 0:36:39]} 21. Bc1 {[%clk 0:37:57]} Rac8
{[%clk 0:24:36]} 22. Ra4 {[%clk 0:30:45]} c5 {[%clk 0:18:13]} 23. Ra1
{[%clk 0:29:42]} Nb8 {[%clk 0:14:25]} 24. Nd2 {[%clk 0:23:27]} Nc6
{[%clk 0:10:22]} 25. Bb2 {[%clk 0:20:13]} Rc7 {[%clk 0:06:13]} 26. f3
{[%clk 0:16:37]} Rcd7 {[%clk 0:05:55]} 27. Kf2 {[%clk 0:15:38]} Ke7
{[%clk 0:05:31]} 28. Ke3 {[%clk 0:15:33]} Nd4 {[%clk 0:04:48]} 29. Bxd4
{[%clk 0:12:38]} cxd4+ {[%clk 0:05:14]} 30. Kf2 {[%clk 0:12:53]} Rb8
{[%clk 0:05:15]} 31. f4 {[%clk 0:10:46]} Rc7 {[%clk 0:04:28]} 32. fxe5
{[%clk 0:10:15]} fxe5 {[%clk 0:04:52]} 33. Kg3 {[%clk 0:07:50]} Rc5
{[%clk 0:03:28]} 34. Nc4 {[%clk 0:07:30]} Nxc4 {[%clk 0:01:44]} 35. Bxc4
{[%clk 0:07:59]} Rc6 {[%clk 0:00:47]} 36. Rf1 {[%clk 0:07:24]} Rg6+
{[%clk 0:01:02]} 37. Kh4 {[%clk 0:07:20]} Rxg2 {[%clk 0:00:52]} 38. Rf7+
{[%clk 0:06:56]} Kd6 {[%clk 0:01:19]} 39. Raf1 {[%clk 0:07:21]} Bxe4
{[%clk 0:00:56]} 40. Ra7 {[%clk 0:37:30]} Ra8 {[%clk 0:30:33]} 41. Rxa8
{[%clk 0:32:44]} Bxa8 {[%clk 0:29:57]} 42. Rf8 {[%clk 0:33:11]} Bb7
{[%clk 0:29:06]} 43. Rf7 {[%clk 0:32:29]} Bc6 {[%clk 0:29:16]} 0-1

[Event "High League 2022 men"]
[Site "Obninsk"]
[Date "2022.06.29"]
[Round "4.18"]
[White "Sakaev, Konstantin"]
[Black "Kotenko, Pavel"]
[Result "1/2-1/2"]
[LiveChessVersion "1.4.7"]
[BlackElo "2323"]
[WhiteElo "2603"]

1. d4 {[%clk 1:30:57]} d5 {[%clk 1:30:54]} 2. c4 {[%clk 1:31:20]} e6
{[%clk 1:31:15]} 3. Nc3 {[%clk 1:31:37]} Nf6 {[%clk 1:31:31]} 4. Nf3
{[%clk 1:31:56]} Be7 {[%clk 1:31:34]} 5. Bf4 {[%clk 1:32:04]} O-O
{[%clk 1:31:48]} 6. e3 {[%clk 1:32:29]} Nbd7 {[%clk 1:31:49]} 7. c5
{[%clk 1:32:45]} c6 {[%clk 1:31:39]} 8. Bd3 {[%clk 1:29:04]} b6 {[%clk 1:31:10]}
9. b4 {[%clk 1:29:29]} a5 {[%clk 1:30:40]} 10. a3 {[%clk 1:29:47]} Ba6
{[%clk 1:30:12]} 11. O-O {[%clk 1:28:58]} Qc8 {[%clk 1:29:09]} 12. h3
{[%clk 1:21:36]} Qb7 {[%clk 1:28:06]} 13. Qc2 {[%clk 1:08:49]} Bxd3
{[%clk 1:20:02]} 14. Qxd3 {[%clk 1:09:00]} b5 {[%clk 1:16:51]} 15. Nd2
{[%clk 1:08:36]} axb4 {[%clk 1:12:25]} 16. axb4 {[%clk 1:07:59]} Rxa1
{[%clk 1:12:37]} 17. Rxa1 {[%clk 1:08:23]} Ra8 {[%clk 1:12:54]} 18. Qf1
{[%clk 0:56:04]} Rxa1 {[%clk 0:53:22]} 19. Qxa1 {[%clk 0:56:08]} Bd8
{[%clk 0:52:58]} 20. g4 {[%clk 0:36:00]} Ne8 {[%clk 0:44:51]} 21. Nf3
{[%clk 0:35:35]} Bc7 {[%clk 0:36:48]} 22. Bxc7 {[%clk 0:33:12]} Nxc7
{[%clk 0:37:10]} 23. Qa5 {[%clk 0:33:02]} f6 {[%clk 0:35:14]} 24. g5
{[%clk 0:30:31]} Nb8 {[%clk 0:28:54]} 25. Ne2 {[%clk 0:25:08]} Nba6
{[%clk 0:27:44]} 26. Nf4 {[%clk 0:20:22]} Qc8 {[%clk 0:26:34]} 27. gxf6
{[%clk 0:17:06]} gxf6 {[%clk 0:26:59]} 28. Kf1 {[%clk 0:17:10]} Qe8
{[%clk 0:13:54]} 29. Nd3 {[%clk 0:08:50]} Qh5 {[%clk 0:13:17]} 30. Ke2
{[%clk 0:09:15]} Qxh3 {[%clk 0:13:30]} 31. Qb6 {[%clk 0:09:40]} Qf5
{[%clk 0:13:23]} 32. Qb7 {[%clk 0:04:51]} Qg6 {[%clk 0:13:22]} 33. Kd2
{[%clk 0:03:54]} Qe8 {[%clk 0:11:24]} 34. Kc3 {[%clk 0:03:23]} Kf7
{[%clk 0:08:29]} 35. Qb6 {[%clk 0:03:07]} Ke7 {[%clk 0:07:38]} 36. Kd2
{[%clk 0:03:03]} Kd7 {[%clk 0:06:04]} 37. Qa5 {[%clk 0:03:04]} Qa8
{[%clk 0:04:28]} 38. Qa1 {[%clk 0:03:05]} Nb8 {[%clk 0:03:50]} 39. Qh1
{[%clk 0:01:51]} Qa2+ {[%clk 0:03:31]} 40. Kc3 {[%clk 0:32:16]} Qc4+
{[%clk 0:32:47]} 41. Kd2 {[%clk 0:32:40]} Qa2+ {[%clk 0:32:54]} 42. Kc3
{[%clk 0:33:02]} Qc4+ {[%clk 0:31:14]} 1/2-1/2

[Event "High League 2022 men"]
[Site "Obninsk"]
[Date "2022.06.29"]
[Round "4.19"]
[White "Kobalia, Mikhail"]
[Black "Goltsev, Dmitry"]
[Result "1-0"]
[LiveChessVersion "1.4.7"]
[BlackElo "2294"]
[WhiteElo "2590"]

1. Nf3 {[%clk 1:30:54]} d5 {[%clk 1:30:53]} 2. d4 {[%clk 1:30:58]} Nf6
{[%clk 1:31:15]} 3. c4 {[%clk 1:31:24]} c6 {[%clk 1:31:38]} 4. Nc3
{[%clk 1:31:35]} dxc4 {[%clk 1:31:54]} 5. a4 {[%clk 1:31:54]} a5 {[%clk 1:31:53]}
6. e4 {[%clk 1:31:39]} Bg4 {[%clk 1:32:11]} 7. Bxc4 {[%clk 1:32:01]} e6
{[%clk 1:32:33]} 8. Be3 {[%clk 1:32:20]} Bb4 {[%clk 1:29:19]} 9. Qd3
{[%clk 1:32:36]} Nbd7 {[%clk 1:29:18]} 10. Nd2 {[%clk 1:32:52]} e5
{[%clk 1:19:27]} 11. f3 {[%clk 1:31:21]} exd4 {[%clk 1:11:01]} 12. Bxd4
{[%clk 1:31:45]} Be6 {[%clk 1:10:31]} 13. Bxe6 {[%clk 1:27:10]} fxe6
{[%clk 1:10:19]} 14. Rd1 {[%clk 1:15:06]} e5 {[%clk 0:57:56]} 15. Be3
{[%clk 1:10:53]} O-O {[%clk 0:55:35]} 16. Na2 {[%clk 1:07:41]} Qe7
{[%clk 0:46:17]} 17. Qc4+ {[%clk 0:55:36]} Kh8 {[%clk 0:45:14]} 18. Nxb4
{[%clk 0:55:55]} Qxb4 {[%clk 0:36:33]} 19. O-O {[%clk 0:55:03]} Qxc4
{[%clk 0:28:46]} 20. Nxc4 {[%clk 0:54:59]} b5 {[%clk 0:29:14]} 21. Nd6
{[%clk 0:51:53]} bxa4 {[%clk 0:29:08]} 22. Ra1 {[%clk 0:51:49]} Rfb8
{[%clk 0:28:55]} 23. Nc4 {[%clk 0:50:39]} Rb4 {[%clk 0:25:41]} 24. Rfc1
{[%clk 0:50:08]} Kg8 {[%clk 0:11:45]} 25. Rc2 {[%clk 0:47:15]} Kf7
{[%clk 0:02:38]} 26. Bd2 {[%clk 0:47:31]} Rb3 {[%clk 0:00:50]} 27. Rxa4
{[%clk 0:45:50]} c5 {[%clk 0:00:35]} 28. Bc3 {[%clk 0:43:20]} Ke6
{[%clk 0:00:50]} 29. Rd2 {[%clk 0:43:43]} Ra6 {[%clk 0:01:10]} 30. Rxa5
{[%clk 0:43:26]} Rxa5 {[%clk 0:01:35]} 31. Rd6+ {[%clk 0:39:01]} Ke7
{[%clk 0:02:01]} 32. Bxa5 {[%clk 0:39:27]} g5 {[%clk 0:01:33]} 33. Bc3
{[%clk 0:38:55]} g4 {[%clk 0:01:15]} 34. Ra6 {[%clk 0:36:50]} gxf3
{[%clk 0:01:17]} 35. gxf3 {[%clk 0:37:15]} Nh5 {[%clk 0:00:48]} 36. Na5
{[%clk 0:37:06]} Rb6 {[%clk 0:00:33]} 37. Rxb6 {[%clk 0:37:20]} Nxb6
{[%clk 0:00:59]} 38. Bxe5 {[%clk 0:37:34]} Ke6 {[%clk 0:01:26]} 39. Bc7
{[%clk 0:37:42]} Na4 {[%clk 0:01:19]} 40. Nc4 {[%clk 1:07:43]} 1-0

[Event "High League 2022 men"]
[Site "Obninsk"]
[Date "2022.06.29"]
[Round "4.20"]
[White "Shapiro, David"]
[Black "Yeletsky, Ivan"]
[Result "0-1"]
[LiveChessVersion "1.4.7"]
[BlackElo "2474"]
[WhiteElo "2393"]

1. d4 {[%clk 1:30:57]} Nf6 {[%clk 1:30:38]} 2. c4 {[%clk 1:31:21]} c6
{[%clk 1:30:58]} 3. Nc3 {[%clk 1:31:26]} d5 {[%clk 1:31:14]} 4. e3
{[%clk 1:31:49]} e6 {[%clk 1:31:25]} 5. Nf3 {[%clk 1:32:12]} Nbd7
{[%clk 1:31:47]} 6. Qc2 {[%clk 1:32:34]} Bd6 {[%clk 1:32:07]} 7. g4
{[%clk 1:32:56]} h6 {[%clk 1:32:27]} 8. Rg1 {[%clk 1:33:18]} b5 {[%clk 1:28:30]}
9. c5 {[%clk 1:26:11]} Bc7 {[%clk 1:28:42]} 10. g5 {[%clk 1:26:13]} hxg5
{[%clk 1:29:02]} 11. Nxg5 {[%clk 1:26:40]} Qe7 {[%clk 1:27:34]} 12. f4
{[%clk 1:26:58]} b4 {[%clk 1:22:13]} 13. Nd1 {[%clk 1:13:20]} a5 {[%clk 1:11:36]}
14. Qg2 {[%clk 1:08:18]} a4 {[%clk 1:07:25]} 15. Bd3 {[%clk 1:04:04]} Rh6
{[%clk 0:58:01]} 16. Bd2 {[%clk 0:57:18]} a3 {[%clk 0:57:54]} 17. Bxb4
{[%clk 0:43:12]} axb2 {[%clk 0:57:50]} 18. Nxb2 {[%clk 0:43:13]} e5
{[%clk 0:51:08]} 19. fxe5 {[%clk 0:42:05]} Nxe5 {[%clk 0:51:21]} 20. dxe5
{[%clk 0:37:07]} Bxe5 {[%clk 0:51:35]} 21. h3 {[%clk 0:32:01]} Rh4
{[%clk 0:47:32]} 22. e4 {[%clk 0:24:26]} dxe4 {[%clk 0:45:35]} 23. Bc4
{[%clk 0:23:28]} Nd5 {[%clk 0:44:54]} 24. O-O-O {[%clk 0:18:37]} Nxb4
{[%clk 0:26:42]} 25. Nxf7 {[%clk 0:18:16]} Nxa2+ {[%clk 0:22:38]} 26. Kc2
{[%clk 0:17:38]} Nb4+ {[%clk 0:18:14]} 27. Kb1 {[%clk 0:17:31]} Bf5
{[%clk 0:12:27]} 28. Qg5 {[%clk 0:16:37]} g6 {[%clk 0:10:08]} 29. Qxe7+
{[%clk 0:11:43]} Kxe7 {[%clk 0:10:30]} 30. Nxe5 {[%clk 0:12:12]} e3+
{[%clk 0:10:42]} 31. Bd3 {[%clk 0:12:14]} Nxd3 {[%clk 0:09:33]} 32. Nexd3
{[%clk 0:12:27]} Rxh3 {[%clk 0:08:55]} 33. Kc2 {[%clk 0:09:10]} Ra3
{[%clk 0:07:58]} 34. Rg2 {[%clk 0:06:17]} Kf6 {[%clk 0:06:14]} 35. Re2
{[%clk 0:02:16]} Bg4 {[%clk 0:06:15]} 36. Rf1+ {[%clk 0:02:11]} Kg7
{[%clk 0:05:29]} 37. Rg2 {[%clk 0:00:44]} e2 {[%clk 0:03:38]} 38. Rff2
{[%clk 0:00:35]} Raxd3 {[%clk 0:03:11]} 39. Nxd3 {[%clk 0:00:33]} Rxd3
{[%clk 0:03:32]} 40. Rxe2 Bxe2 {[%clk 0:33:52]} 41. Rxe2 {[%clk 0:30:59]} Rd5
{[%clk 0:34:11]} 42. Kc3 {[%clk 0:31:07]} Rxc5+ {[%clk 0:34:32]} 43. Kd4
{[%clk 0:31:35]} Rd5+ {[%clk 0:34:33]} 44. Kc4 {[%clk 0:32:02]} 0-1

[Event "High League 2022 men"]
[Site "Obninsk"]
[Date "2022.06.29"]
[Round "4.21"]
[White "Abrekov, Mussa"]
[Black "Obgolts, Erik"]
[Result "0-1"]
[LiveChessVersion "1.4.7"]
[BlackElo "2435"]
[WhiteElo "2133"]

1. d4 {[%clk 1:30:57]} Nf6 {[%clk 1:30:51]} 2. c4 {[%clk 1:31:21]} e6
{[%clk 1:31:11]} 3. Nc3 {[%clk 1:31:45]} Bb4 {[%clk 1:31:32]} 4. f3
{[%clk 1:32:06]} O-O {[%clk 1:31:21]} 5. e4 {[%clk 1:31:21]} d5 {[%clk 1:30:37]}
6. cxd5 {[%clk 1:29:56]} exd5 {[%clk 1:31:03]} 7. e5 {[%clk 1:30:17]} Nfd7
{[%clk 1:31:16]} 8. f4 {[%clk 1:30:21]} c5 {[%clk 1:31:31]} 9. Nf3
{[%clk 1:30:24]} cxd4 {[%clk 1:31:20]} 10. Nxd4 {[%clk 1:30:45]} Nxe5
{[%clk 1:28:13]} 11. fxe5 {[%clk 1:30:07]} Qh4+ {[%clk 1:28:40]} 12. Ke2
{[%clk 1:25:45]} Bg4+ {[%clk 1:26:32]} 13. Nf3 {[%clk 1:26:04]} Nc6
{[%clk 1:16:32]} 14. Bf4 {[%clk 1:19:28]} Rfe8 {[%clk 1:00:16]} 15. g3
{[%clk 1:07:51]} Qh5 {[%clk 0:59:31]} 16. Bg2 {[%clk 1:07:44]} Nxe5
{[%clk 0:57:41]} 17. Bxe5 {[%clk 1:07:47]} Rxe5+ {[%clk 0:57:58]} 18. Kf1
{[%clk 0:56:07]} Rf5 {[%clk 0:56:24]} 19. h3 {[%clk 0:54:40]} Bxf3
{[%clk 0:56:50]} 20. Bxf3 {[%clk 0:54:36]} Qxf3+ {[%clk 0:57:16]} 21. Qxf3
{[%clk 0:54:57]} Rxf3+ {[%clk 0:55:49]} 22. Kg2 {[%clk 0:54:28]} Rf5
{[%clk 0:55:28]} 23. Rad1 {[%clk 0:54:56]} Bxc3 {[%clk 0:55:40]} 24. bxc3
{[%clk 0:51:45]} Rc8 {[%clk 0:55:46]} 25. Rhe1 {[%clk 0:51:47]} h5 26. Rd3 Kf8
{[%clk 0:54:03]} 27. g4 {[%clk 0:46:29]} Rg5 {[%clk 0:54:10]} 28. Kf3
{[%clk 0:46:37]} hxg4+ {[%clk 0:53:32]} 29. hxg4 {[%clk 0:47:03]} f6
{[%clk 0:53:13]} 30. Rb1 {[%clk 0:44:04]} b6 {[%clk 0:52:42]} 31. Rb4
{[%clk 0:43:07]} Ke7 {[%clk 0:52:51]} 32. a4 {[%clk 0:41:15]} Rc5
{[%clk 0:53:05]} 33. Rb5 {[%clk 0:39:14]} Rxb5 {[%clk 0:52:44]} 34. axb5
{[%clk 0:39:43]} Kd6 {[%clk 0:51:18]} 35. c4 {[%clk 0:40:04]} Kc5
{[%clk 0:51:45]} 36. cxd5 {[%clk 0:40:28]} Rxd5 {[%clk 0:52:12]} 0-1

[Event "High League 2022 men"]
[Site "Obninsk"]
[Date "2022.06.30"]
[Round "5.1"]
[White "Artemiev, Vladislav"]
[Black "Iljiushenok, Ilia"]
[Result "1/2-1/2"]
[LiveChessVersion "1.4.7"]
[BlackElo "2540"]
[WhiteElo "2697"]

1. g3 {[%clk 1:30:45]} Nf6 {[%clk 1:30:27]} 2. Bg2 {[%clk 1:31:00]} d5
{[%clk 1:30:47]} 3. Nf3 {[%clk 1:31:06]} c5 {[%clk 1:30:36]} 4. O-O
{[%clk 1:31:13]} e6 {[%clk 1:31:02]} 5. b3 {[%clk 1:26:58]} Be7 {[%clk 1:30:52]}
6. Bb2 {[%clk 1:24:16]} Nc6 {[%clk 1:30:12]} 7. d4 {[%clk 1:23:30]} O-O
{[%clk 1:30:08]} 8. e3 {[%clk 1:08:26]} b5 {[%clk 1:09:20]} 9. dxc5
{[%clk 1:00:22]} Bxc5 {[%clk 1:09:01]} 10. Nbd2 {[%clk 1:00:36]} Rb8
{[%clk 0:57:59]} 11. Rc1 {[%clk 0:56:05]} Be7 {[%clk 0:55:29]} 12. Re1
{[%clk 0:51:28]} a5 {[%clk 0:53:57]} 13. Ne5 {[%clk 0:30:19]} Bb7
{[%clk 0:32:47]} 14. c4 {[%clk 0:28:59]} bxc4 {[%clk 0:30:56]} 15. bxc4
{[%clk 0:21:36]} Nxe5 {[%clk 0:24:45]} 16. Bxe5 {[%clk 0:21:57]} Rc8
{[%clk 0:25:05]} 17. Bxf6 {[%clk 0:07:45]} Bxf6 {[%clk 0:25:31]} 18. cxd5
{[%clk 0:07:48]} Rxc1 {[%clk 0:22:50]} 19. Qxc1 {[%clk 0:08:12]} Bxd5
{[%clk 0:23:17]} 20. Qc2 {[%clk 0:06:55]} Bxg2 {[%clk 0:20:46]} 21. Kxg2
{[%clk 0:07:18]} Qd5+ {[%clk 0:20:53]} 22. Nf3 {[%clk 0:07:06]} Rb8
{[%clk 0:20:48]} 23. Rb1 {[%clk 0:04:35]} Rxb1 {[%clk 0:20:31]} 24. Qxb1
{[%clk 0:04:59]} g6 {[%clk 0:20:42]} 25. Qc2 {[%clk 0:04:19]} h5 {[%clk 0:18:18]}
26. e4 {[%clk 0:03:41]} Qb7 {[%clk 0:16:33]} 27. Qa4 {[%clk 0:01:33]} Kg7
{[%clk 0:10:03]} 28. h4 {[%clk 0:01:35]} Qa8 {[%clk 0:07:15]} 29. Kg1
{[%clk 0:01:53]} Bc3 {[%clk 0:06:17]} 30. Qc4 {[%clk 0:01:47]} Bf6
{[%clk 0:06:31]} 31. a4 {[%clk 0:01:55]} Qb7 {[%clk 0:06:28]} 32. Kg2
{[%clk 0:01:54]} Qa8 {[%clk 0:01:48]} 33. Ne1 {[%clk 0:00:56]} Qa7
{[%clk 0:01:25]} 34. Nf3 {[%clk 0:00:51]} Qa8 {[%clk 0:01:54]} 35. Qc7
{[%clk 0:00:34]} Qxe4 {[%clk 0:01:36]} 36. Qxa5 {[%clk 0:00:59]} e5
{[%clk 0:01:20]} 37. Qb5 {[%clk 0:00:41]} Qa8 {[%clk 0:01:31]} 38. a5
{[%clk 0:00:40]} e4 {[%clk 0:01:58]} 39. Ng1 {[%clk 0:00:42]} e3+
{[%clk 0:01:50]} 40. Nf3 {[%clk 0:30:33]} e2 {[%clk 0:31:59]} 41. Qxe2
{[%clk 0:30:10]} Qxa5 {[%clk 0:30:41]} 1/2-1/2